|
|
|
|
| LEADER |
00647cam a2200217ua 4500 |
| 008 |
060815t1989||||||||||| 00 ||eng c |
| 020 |
|
|
|a 81-7007-094-5
|
| 041 |
0 |
|
|a eng
|
| 082 |
|
|
|a 944.04
|b SOB/U
|
| 245 |
0 |
0 |
|a Understanding the French revolution /
|
| 260 |
|
|
|a New Delhi:
|b Peoples publishing,
|c 1989.
|
| 300 |
|
|
|a xii, 334p..
|
| 362 |
1 |
|
|a 1989.
|
| 365 |
|
|
|a Rs.75/-
|e pb
|
| 650 |
|
|
|a French revolution
|
| 650 |
0 |
|
|a France-History
|
| 650 |
0 |
|
|a History
|
| 700 |
0 |
2 |
|a Soboul, Albert,
|
| 942 |
|
|
|c BK
|
| 999 |
|
|
|c 7776
|d 7776
|
| 952 |
|
|
|0 0
|1 0
|4 0
|6 944_040000000000000_SOB
|7 0
|9 8129
|a KUCL
|b KUCL
|d 2014-05-23
|l 0
|o 944.04 SOB/
|p 01031
|r 2014-05-23
|w 2014-05-23
|y BK
|